Вып. 49: Вопросы физико-химии и технологии стекла и эмали; Труды Ленинградского технологического института имени Ленинградского совета (Ленсовета)

Dettagli Bibliografici
Parent link:Труды Ленинградского технологического института имени Ленинградского совета (Ленсовета): [сборник]/ Ленинградский технологический институт им. Ленсовета (ЛТИ). Вып. 49: Вопросы физико-химии и технологии стекла и эмали.— , 1945-
Altri autori: Медведев Н. М. (редактор)
Lingua:russo
Pubblicazione: 1958
Soggetti:
Natura: MixedMaterials Libro
KOHA link:https://koha.lib.tpu.ru/cgi-bin/koha/opac-detail.pl?biblionumber=343542

MARC

LEADER 00000nam2a2200000 4500
001 343542
005 20231102005553.0
035 |a (RuTPU)RU\TPU\book\373941 
035 |a RU\TPU\book\373888 
090 |a 343542 
100 |a 20191009d1958 k y0rusy50 ca 
101 0 |a rus 
102 |a RU 
105 |a a z 001zy 
200 0 |a Вып. 49: Вопросы физико-химии и технологии стекла и эмали  |f под ред. Н. М. Медведева 
210 |d 1958 
215 |a 165 с.  |c ил. 
320 |a Библиогр. в конце ст. 
461 1 |0 (RuTPU)RU\TPU\book\345898  |t Труды Ленинградского технологического института имени Ленинградского совета (Ленсовета)  |o [сборник]  |f Ленинградский технологический институт им. Ленсовета (ЛТИ)  |v Вып. 49: Вопросы физико-химии и технологии стекла и эмали  |d 1945- 
606 1 |a Стекло  |x Физико-химические свойства  |2 stltpush  |3 (RuTPU)RU\TPU\subj\34591  |9 56505 
610 1 |a эмали 
610 1 |a шлифовка 
610 1 |a полировка 
610 1 |a электрические свойства 
610 1 |a огарки 
610 1 |a электропроводность 
610 1 |a температура 
675 |a 666.11.01  |v 4 
702 1 |a Медведев  |b Н. М.  |4 340 
801 1 |a RU  |b 63413507  |c 20160826 
801 2 |a RU  |b 63413507  |c 20191009  |g RCR 
942 |c BK